002390000a220007300045001000025000002450036000253000045000617730059001061 aSendek, Elizabeth de10aJesús, el pastor que perturba aVol.1, núm.1 (Junio, 1996), Página 40 tSeminario en Diálogo : Órgano informativo de la Fu